LEADER 00782nam0-22002771i-450- 001 990001733450403321 005 20060517131723.0 035 $a000173345 035 $aFED01000173345 035 $a(Aleph)000173345FED01 035 $a000173345 100 $a20030910d1969----km-y0itay50------ba 101 0 $aeng 200 1 $aFood engineering operations$fJ.B. Brennan ... [et al.] 210 $aAmsterdam$cElsevier Publishing Company Limited$d1969 215 $aXII, 443 p.$d25 cm 610 0 $aTecnica conserviera 676 $a664.8 702 1$aBrennan,$bJames G. 801 0$aIT$bUNINA$gRICA$2UNIMARC 901 $aBK 912 $a990001733450403321 952 $a60 664.8 B 3$b44640$fFAGBC 959 $aFAGBC 996 $aFood engineering operations$9364960 997 $aUNINA LEADER 01580oam 2200481zu 450 001 9910130904503321 005 20210807004644.0 010 $a1-118-66735-2 035 $a(CKB)3450000000004492 035 $a(SSID)ssj0000726565 035 $a(PQKBManifestationID)11469262 035 $a(PQKBTitleCode)TC0000726565 035 $a(PQKBWorkID)10692718 035 $a(PQKB)10262598 035 $a(PPN)189003995 035 $a(EXLCZ)993450000000004492 100 $a20160829d1989 uy 101 0 $aeng 181 $ctxt 182 $cc 183 $acr 200 10$aBalanced geological cross-sections : an essential technique in geological research and exploration 210 31$a[Place of publication not identified]$cAmerican Geophysical Union$d1989 225 0 $aShort course in geology Balanced geological cross-sections 300 $aBibliographic Level Mode of Issuance: Monograph 311 $a0-87590-703-2 606 $aGeological mapping 606 $aGeology$2HILCC 606 $aEarth & Environmental Sciences$2HILCC 606 $aGeology - General$2HILCC 615 0$aGeological mapping 615 7$aGeology 615 7$aEarth & Environmental Sciences 615 7$aGeology - General 676 $a551/.022/3 700 $aWoodward$b Nicholas B$0140716 702 $aBoyer$b Steven E 702 $aSuppe$b John 801 0$bPQKB 906 $aBOOK 912 $a9910130904503321 996 $aBalanced geological cross-sections : an essential technique in geological research and exploration$92180690 997 $aUNINA